000 00497nmm a2200205 a 4500
003 AR-BaBNM
005 20251128205657.0
008 208019s1995 ||||||||||||||000 | spa||
020 _a84-376-0363-3
040 _cAR-BaBNM
100 1 _aLewandowski, Theodor
245 1 0 _aDiccionario de lingüística
260 _aMadrid
_bEdiciones Cátedra
_c1995
300 1 _axiv, 371 p.
650 4 _aDICCIONARIOS
650 4 _aLINGUISTICA
655 _aREFERENCIA
942 _cBK
998 _claura
999 _c12363
_d12363